| 000 | 00984nam a2200265 a 4500 | ||
|---|---|---|---|
| 001 | 69779 | ||
| 003 | BD-RjUL | ||
| 005 | 20211209081926.0 | ||
| 008 | 170413s2001 at b 001 0 eng d | ||
| 020 | _a1876843039 | ||
| 035 | _a(BD-RjUL)69991 | ||
| 040 |
_aANL _beng _cDLC _dANL _dDLC _dBD-RjUL |
||
| 041 | _aeng | ||
| 082 | 0 | 0 |
_223 _a952.04 _bCLJ 2001 |
| 100 | 1 |
_aClammer, J. R. _9206680 |
|
| 245 | 1 | 0 |
_aJapan and its others : _bglobalization, difference and the critique of modernity / _cJohn Clammer. |
| 260 |
_aMelbourne : _bTrans Pacific Press ; _aPortland, Or. : _bDistributed in North America by International Specialized Book Services, _c2001. |
||
| 300 |
_aix, 272 p. ; _c22 cm. |
||
| 504 | _aIncludes bibliographical references (p. 244-265) and index. | ||
| 650 | 0 |
_aNational characteristics, Japanese. _9140524 |
|
| 651 | 0 |
_aJapan _xCivilization _y1945- _9206682 |
|
| 830 |
_aJapanese society series _9206681 |
||
| 942 |
_2ddc _cBK |
||
| 999 |
_c69779 _d69779 |
||